Tia chớp giữa bầu trời

Đã lưu trong:
书目详细资料
主要作者: Lê Thành Chơn
格式: 图书
语言:Undetermined
出版: Tp. HCM Trẻ 2002
主题:
标签: 添加标签
没有标签, 成为第一个标记此记录!
Thư viện lưu trữ: Trung tâm Học liệu Trường Đại học Cần Thơ
LEADER 00482nam a2200181Ia 4500
001 CTU_53568
008 210402s9999 xx 000 0 und d
020 |b 27000 
082 |a 895.9228 
082 |b Ch464 
100 |a Lê Thành Chơn 
245 0 |a Tia chớp giữa bầu trời 
245 0 |c Lê Thành Chơn 
260 |a Tp. HCM 
260 |b Trẻ 
260 |c 2002 
650 |a vietnamese fiction 
980 |a Trung tâm Học liệu Trường Đại học Cần Thơ